Eastern Utah Libraries Catalog: Duchesne, Heber, Roosevelt, & Vernal

The wild robot / (Record no. 389010)

MARC details
000 -LEADER
fixed length control field 02893nam a22006731i 4500
001 - CONTROL NUMBER
control field fwb00000677
003 - CONTROL NUMBER IDENTIFIER
control field CtWfDGI
005 - DATE AND TIME OF LATEST TRANSACTION
control field 20260129160200.0
006 - FIXED-LENGTH DATA ELEMENTS--ADDITIONAL MATERIAL CHARACTERISTICS--GENERAL INFORMATION
fixed length control field m cq h
007 - PHYSICAL DESCRIPTION FIXED FIELD--GENERAL INFORMATION
fixed length control field cs nzannnauuuu
007 - PHYSICAL DESCRIPTION FIXED FIELD--GENERAL INFORMATION
fixed length control field sz zunznnnzned
008 - FIXED-LENGTH DATA ELEMENTS--GENERAL INFORMATION
fixed length control field 210510s2021 ohua c 000 1 eng d
020 ## - INTERNATIONAL STANDARD BOOK NUMBER
International Standard Book Number 9781549139543
Qualifying information (Wonderbook) :
Terms of availability $59.99
020 ## - INTERNATIONAL STANDARD BOOK NUMBER
Cancelled/invalid ISBN 9780316382007
Qualifying information (paperback)
020 ## - INTERNATIONAL STANDARD BOOK NUMBER
International Standard Book Number 1549139541
020 ## - INTERNATIONAL STANDARD BOOK NUMBER
Cancelled/invalid ISBN 9780316381994
Qualifying information (premium binding)
028 01 - PUBLISHER NUMBER
Publisher number WB000677
Source Findaway World
035 ## - SYSTEM CONTROL NUMBER
System control number (OCoLC)1255188994
040 ## - CATALOGING SOURCE
Original cataloging agency CtWfDGI
Language of cataloging eng
Description conventions rda
Transcribing agency CtWfDGI
050 14 - LIBRARY OF CONGRESS CALL NUMBER
Classification number PZ7.B81668
Item number Wi 2021d
082 04 - DEWEY DECIMAL CLASSIFICATION NUMBER
Classification number [Fic]
Edition number 23
092 ## - LOCALLY ASSIGNED DEWEY CALL NUMBER (OCLC)
Classification number Jr Wonderbook
100 1# - MAIN ENTRY--PERSONAL NAME
Personal name Brown, Peter,
Dates associated with a name 1979-
Relator term author,
-- illustrator.
9 (RLIN) 5810277
245 14 - TITLE STATEMENT
Title The wild robot /
Statement of responsibility, etc [words and pictures by] Peter Brown.
264 #1 - Production, Publication, Distribution, Manufacture, and Copyright Notice.
Place of production, publication, distribution, manufacture Solon, Ohio :
Name of producer, publisher, distributor, manufacturer Findaway World, LLC,
Date of production, publication, distribution, manufacture, or copyr [2021]
300 ## - PHYSICAL DESCRIPTION
Extent 1 Wonderbook (277 pages) :
Other physical details illustrations ;
Dimensions 20 cm
336 ## - Content Type
Content type term spoken word
336 ## - Content Type
Content type term still image
336 ## - Content Type
Content type term text
337 ## - Media type
Media type term audio
337 ## - Media type
Media type term unmediated
338 ## - Carrier type
Carrier type term other
338 ## - Carrier type
Carrier type term volume
500 ## - GENERAL NOTE
General note Release date supplied by publisher.
500 ## - GENERAL NOTE
General note Print book published: New York ; Boston : Little, Brown and Company, 2020.
500 ## - GENERAL NOTE
General note Audiobook originally released by Hachette Audio.
500 ## - GENERAL NOTE
General note Issued as a Wonderbook, a pre-loaded audiobook player permanently attached to a hardcover book.
500 ## - GENERAL NOTE
General note Powered by a rechargeable battery ; USB charger required for recharging.
500 ## - GENERAL NOTE
General note Audiobook player has 2 modes. Read-Along mode narrates the story. Learning mode asks questions related to the story.
511 0# - PARTICIPANT OR PERFORMER NOTE
Participant or performer note Read by Kate Atwater.
520 ## - SUMMARY, ETC.
Summary, etc Roz the robot discovers that she is alone on a remote, wild island with no memory of where she is from or why she is there, and her only hope of survival is to try to learn about her new environment from the island's hostile inhabitants.
521 0# - TARGET AUDIENCE NOTE
Target audience note Grades 3-6.
650 #0 - SUBJECT ADDED ENTRY--TOPICAL TERM
Topical term or geographic name as entry element Robots
Form subdivision Juvenile fiction.
9 (RLIN) 5680206
650 #0 - SUBJECT ADDED ENTRY--TOPICAL TERM
Topical term or geographic name as entry element Survival
Form subdivision Juvenile fiction.
9 (RLIN) 5674045
650 #0 - SUBJECT ADDED ENTRY--TOPICAL TERM
Topical term or geographic name as entry element Animals
Form subdivision Juvenile fiction.
9 (RLIN) 5678723
650 #0 - SUBJECT ADDED ENTRY--TOPICAL TERM
Topical term or geographic name as entry element Friendship
Form subdivision Juvenile fiction.
9 (RLIN) 5673647
650 #0 - SUBJECT ADDED ENTRY--TOPICAL TERM
Topical term or geographic name as entry element Islands
Form subdivision Juvenile fiction.
9 (RLIN) 5675668
650 #1 - SUBJECT ADDED ENTRY--TOPICAL TERM
Topical term or geographic name as entry element Robots
Form subdivision Fiction.
9 (RLIN) 5680224
650 #1 - SUBJECT ADDED ENTRY--TOPICAL TERM
Topical term or geographic name as entry element Survival
Form subdivision Fiction.
9 (RLIN) 5673621
650 #1 - SUBJECT ADDED ENTRY--TOPICAL TERM
Topical term or geographic name as entry element Animals
Form subdivision Fiction.
9 (RLIN) 5678722
650 #1 - SUBJECT ADDED ENTRY--TOPICAL TERM
Topical term or geographic name as entry element Friendship
Form subdivision Fiction.
9 (RLIN) 5673769
650 #1 - SUBJECT ADDED ENTRY--TOPICAL TERM
Topical term or geographic name as entry element Islands
Form subdivision Fiction.
9 (RLIN) 5673780
655 #7 - INDEX TERM--GENRE/FORM
Genre/form data or focus term Children's audiobooks.
Source of term lcgft
9 (RLIN) 5675081
700 1# - ADDED ENTRY--PERSONAL NAME
Personal name Atwater, Kate,
Relator term narrator.
9 (RLIN) 5810278
710 2# - ADDED ENTRY--CORPORATE NAME
Corporate name or jurisdiction name as entry element Findaway World, LLC.
9 (RLIN) 5674726
776 08 - ADDITIONAL PHYSICAL FORM ENTRY
Display text Print version:
Main entry heading Brown, Peter, 1979-
Title Wild robot.
Place, publisher, and date of publication New York ; Boston : Little, Brown and Company, 2020
International Standard Book Number 9780316382007
942 ## - ADDED ENTRY ELEMENTS (KOHA)
Source of classification or shelving scheme Dewey Decimal Classification
Koha item type Wonderbook
945 ## - LOCAL PROCESSING INFORMATION (OCLC)
c (OCoLC)1255188994
Holdings
Withdrawn status Lost status Source of classification or shelving scheme Damaged status Not for loan Collection code Home library Current library Shelving location Date acquired Source of acquisition Total Checkouts Total Renewals Full call number Barcode Date last seen Date checked out Cost, replacement price Price effective from Koha item type
    Dewey Decimal Classification Damaged   Junior Audiobooks Wasatch County Library Wasatch County Library Main Floor Junior Area 10/19/2023 Playaway 4 5 J Wonder Brown 34301002003939 03/18/2024 02/05/2024 50.00 10/19/2023 Wonderbook
    Dewey Decimal Classification     Junior Audiobooks Wasatch County Library Wasatch County Library Main Floor Junior Area 12/13/2024 Playaway 15 13 J Wonder Brown 34301002087999 03/10/2026 01/06/2026 50.00 12/13/2024 Wonderbook
This project was made possible through a grant from the Institute of Museum and Library Service administered by the Utah State Library Division.

Wasatch County Library

  • 465 East 1200 South, Heber City, Utah 84032
  • Phone 435-654-1511 | Fax 435-654-6456

Hours

  • Monday - Friday 9:30 AM - 8:00 PM
  • Saturday 9:30 AM - 1:30 PM
  • Closed Sundays and Holidays